Answers Contain "Micro" - Statistics

General Stats
  • This quiz has been taken 360 times
    76 since last reset
  • The average score is 12 of 21
Answer Stats
Hint Answer % Correct
Instrument for seeing small things microscope
100%
Device for capturing audio microphone
87%
Region that includes Palau, Kiribati, and Nauru Micronesia
81%
Washington State tech company Microsoft
80%
Appropriate unit for measuring bacteria length micrometer
73%
To control even small parts of something micromanage
71%
The study of small life microbiology
70%
Very small living thing microbe
66%
Maker of craft beer microbrewery
64%
For example: Monaco, Vatican City, or Malta microstate
59%
Tiny synthetic bits polluting water, food, and blood microplastics
54%
Tiny copies of documents found in libraries microfilm
53%
Tiny, unrecognized entities like Sealand micronation
49%
Like UHF or EHF microwave
49%
A localized atmospheric zone microclimate
46%
Vitamins and minerals micronutrient
44%
A representation in miniature of something larger microcosm
43%
An integrated circuit microchip
36%
Brand of tiny toy cars popular in the 80s and 90s Micro Machines
26%
For example: Madagascar, Zealandia, or Mauritia microcontinent
16%
Michael Saylor's company with 555,000+ bitcoins MicroStrategy
6%
No matching quizzes found
Score Distribution
Percent of People with Each Score
Percentile by Number Answered
Your Score History
You have not taken this quiz since the last reset